Pokémon - Quiz 1G - Statistiques

Statistiques générales
  • Ce quiz a été pris 175 fois
  • Le résultat moyen est 13 sur 20
Statistiques - réponses
Indice Réponse % Correct
Jeux en France Bleu
99%
Jeux en France Rouge
99%
Jeux en France Jaune
99%
Année de sortie de ce dernier 1996
96%
Nom de version exclusif au Japon Vert
94%
Types n'étant pas la spécialité d'un champion d'arène ni d'un membre du conseil des 4 (en citer 1) Insecte|Normal|Vol
89%
Nom de la statistique regroupant les actuelles Attaque Spéciale et Défense Spéciale Spécial
83%
Unique Pokémon de type Spectre ne pouvant pas évoluer Ectoplasma
79%
Premier Pokémon de Peter, dernier membre du conseil des 4 Léviator
69%
Musique qui aurait créé une vague de suicides d'enfants au Japon Lavanville
64%
Traditionnel "Big 4" en OverUsed (stratégie Smogon) Ronflex
61%
Ville où se trouve le Parc Safari Parmanie
56%
Pokémon disponibles uniquement lors d'un échange interne (en citer 1) M. Mime|Lippoutou
50%
Traditionnel "Big 4" en OverUsed (stratégie Smogon) Tauros
50%
Traditionnel "Big 4" en OverUsed (stratégie Smogon) Leveinard
49%
Badge obtenable à Cramois'Île Badge Volcan
46%
Traditionnel "Big 4" en OverUsed (stratégie Smogon) Noadkoko
34%
Dresseur qui apprécie garder ses genoux bien au frais Gamin
32%
Pokémon n°123 du Pokédex Insécateur
32%
Pokémon trouvable derrière le camion au port de Carmin-sur-Mer Aucun
19%
Aucun quiz correspondant
Distribution des résultats
% des personnes avec chaque résultat
Percentile par nombre de réponses
Votre historique - résultats
Vous n’avez pas pris ce quiz